000 01133cam a22003011 4500
001 20267
003 BD-RjUL
005 20211209000537.0
008 140227r19641910enk b 000 0 eng
035 _a(BD-RjUL)20329
035 _a(OCoLC)16729617
040 _aDLC
_cOrPS
_dDLC
_dBD-RjUL
_beng
041 _aeng
082 _a822.30822
_bMIN 1964
245 0 4 _aThe Minor Elizabethan drama /
_cintroduction by Ashley Thorndike.
260 _aLondon ;
_aNew York :
_bJ.M. Dent & Sons, Ltd.;
_bEveryman's,
_c1910 [reprinted 1951,1964].
300 _a2 v. ;
_c18 cm.
490 0 _aEveryman's library, ed. by Ernest Rhys. Poetry and the drama
_v[no. 491-492]
500 _a"First published in this edition, 1910; reprinted ... 1933."
500 _a"Introduction by Prof. Ashley Thorndyke."
504 _a"Bibliography in brief": v. 1, p. xv; v. 2, p. xv.
505 0 _aVol. 1. Pre-Shakespearean tragedies --
650 0 _aEnglish drama
_yEarly modern and Elizabethan, 1500-1600.
_92066
700 1 _aThorndike, Ashley Horace,
_d1871-1933.
_9248308
942 _2ddc
_cBK
999 _c20267
_d20267